| Registos Bibliográficos associados ao registo de autoridade |
|
Etiqueta de registo: 00254nam 2200025 450 001 2287101 003 http://id.bnportugal.gov.pt/bib/catbnp/2287101 100 ## $a20260528d2026 k y0pory01030103ba 101 0# $apor$deng 102 ## $aPT 105 ## $aa m 000yy 106 ## $ar 200 1# $aDesenvolvimento psicossocial e envolvimento dos alunos na escola durante a adolescência$ecaminhos para concretizar o direito à educação$fNuno Alexandre da Câmara Archer de Carvalho$gorient. Feliciano Henriques Veiga, Carolina Carvalho 210 #9 $aLisboa$c[s.n.],$d2026 215 ## $a350 p.$cil.$d30 cm 328 #1 $aTese dout. Educação (Psicologia da Educação), Instituto de Educação da Universidade
de Lisboa, 2026 700 #1 $aCarvalho,$bNuno Alexandre da Câmara Archer de$31999555 702 #1 $aVeiga,$bFeliciano Henriques,$f1952-$4727$353008 702 #1 $aCarvalho,$bCarolina$4727$31191197 801 #0 $aPT$bBN$gRPC 966 ## $lBN$mFGMON$x1 971 ## $cabrito$d20260528
|
|
|